000 00465nam a2200145Ia 4500
003 OSt
005 20260331135729.0
008 211028s2011 xx 000 0 und d
040 _cAIMIT LIBRARY
041 _aeng
100 _aAranha, Saihl Peter;Dias, Beena.
_g916029
_96792
245 _aAnalysis and Assessment of the Awareness of services: a study with special reference to BillMail ID Mangalore /
260 _aMangalore
_bDias, Been
_c2011
942 _2ddc
_cPRO
999 _c218362
_d218362